[Event "Landslidsflokkur"]
[Site "Reykjavik"]
[Date "2005.08.16"]
[Round "6"]
[White "Sigfusson Sigurdur Dadi"]
[Black "Thorsteinsson Thorsteinn"]
[Result "1/2-1/2"]
[WhiteElo "2344"]
[BlackElo "2277"]
[Annotator ""]
[Source ""]
[Remark ""]

1.e4 c5 2.Nf3 d6 3.d4 cxd4 4.Nxd4 Nf6 5.Nc3 g6 6.Be3 Bg7 7.f3
O-O 8.Qd2 Nc6 9.O-O-O Nxd4 10.Bxd4 Qa5 11.Kb1 Rd8 12.g4 Be6 13.h4
d5 14.e5 Nd7 15.h5 Nxe5 16.hxg6 hxg6 17.Qh2 f6 18.Bxe5 fxe5 19.Qh7+
Kf8 20.Qxg6 Bf7 21.Qf5 Rd6 22.Rh7 d4 23.Bc4 Rf6 24.Qg5 Rg6 25.Qf5
Rf6 26.Qg5 Rg6 27.Qf5 1/2-1/2

[Event "Landslidsflokkur"]
[Site "Reykjavik"]
[Date "2005.08.16"]
[Round "6"]
[White "Stefansson Hannes"]
[Black "Bergsson Snorri G."]
[Result "1-0"]
[WhiteElo "2579"]
[BlackElo "2259"]
[Annotator ""]
[Source ""]
[Remark ""]

1.c4 e6 2.Nf3 Nf6 3.g3 d5 4.d4 dxc4 5.Bg2 a6 6.O-O Nc6 7.e3 Rb8
8.Qe2 b5 9.Rd1 Rb6 10.e4 Nb4 11.Ne1 Be7 12.Be3 Bd7 13.a3 Nd3
14.Nxd3 cxd3 15.Rxd3 Rb8 16.Nc3 O-O 17.Bf4 b4 18.axb4 Bxb4 19.Rdd1
Ne8 20.Qxa6 Bd6 21.e5 Rb6 22.Qd3 Be7 23.d5 Qc8 24.Qc2 Qb8 25.Rd2
Rb4 26.Be3 Rc4 27.Qd3 1-0

[Event "Landslidsflokkur"]
[Site "Reykjavik"]
[Date "2005.08.16"]
[Round "6"]
[White "Bjarnason Saevar"]
[Black "Asgeirsson Heimir"]
[Result "1/2-1/2"]
[WhiteElo "2255"]
[BlackElo "2118"]
[Annotator ""]
[Source ""]
[Remark ""]

1.d4 d5 2.c4 e6 3.Nc3 Be7 4.Nf3 Nf6 5.Bg5 h6 6.Bh4 O-O 7.e3 b6
8.cxd5 Nxd5 9.Bxe7 Qxe7 10.Nxd5 exd5 11.Rc1 Be6 12.Qa4 c5 13.Qa3
Rc8 14.dxc5 bxc5 15.Bb5 Qb7 16.Rxc5 Rxc5 17.Qxc5 Na6 18.Qc6 Qxc6
19.Bxc6 Rc8 20.Ba4 Rc1+ 21.Bd1 Rb1 22.O-O Rxb2 23.Bb3 Nb4 24.Nd4
Nd3 25.f4 g6 26.h3 h5 27.f5 gxf5 28.Nxf5 Nc5 29.Nd4 a5 30.Rf2
Rb1+ 31.Rf1 Rb2 32.Rf2 Rb1+ 33.Rf1 1/2-1/2

[Event "Landslidsflokkur"]
[Site "Reykjavik"]
[Date "2005.08.17"]
[Round "7"]
[White "Asgeirsson Heimir"]
[Black "Gunnarsson Jon Viktor"]
[Result "1/2-1/2"]
[WhiteElo "2118"]
[BlackElo "2388"]
[Annotator ""]
[Source ""]
[Remark ""]

1.d4 g6 2.c4 Bg7 3.e4 c5 4.d5 d6 5.Nc3 e6 6.Nf3 Nf6 7.Bd3 Na6
8.O-O Nc7 9.h3 O-O 10.a4 e5 11.Nh2 Kh8 12.Bg5 Qd7 13.Qd2 Ng8
14.Be3 f5 15.f4 Na6 16.Rae1 Nb4 17.Bb1 b6 18.Nf3 Bf6 19.fxe5
dxe5 20.Bg5 Bxg5 21.Qxg5 Qg7 22.exf5 Bxf5 23.Nxe5 Rae8 24.Nf3
Rxe1 25.Rxe1 Bxh3 1/2-1/2

[Event "Landslidsflokkur"]
[Site "Reykjavik"]
[Date "2005.08.17"]
[Round "7"]
[White "Thorfinnsson Bjorn"]
[Black "Stefansson Hannes"]
[Result "1/2-1/2"]
[WhiteElo "2338"]
[BlackElo "2579"]
[Annotator ""]
[Source ""]
[Remark ""]

1.d4 Nf6 2.Bg5 e6 3.e4 h6 4.Bxf6 Qxf6 5.Nc3 d6 6.Qd2 c6 7.f4
e5 8.fxe5 dxe5 9.dxe5 Qxe5 10.Nf3 Qd6 11.Bd3 Be6 12.e5 Qc7 13.O-O-O
Be7 14.Kb1 Nd7 15.Nd4 O-O-O 16.Nxe6 fxe6 17.Bc4 Kb8 18.Qe2 Bb4
19.Bxe6 Bxc3 20.bxc3 Nxe5 21.Rxd8+ Rxd8 22.Re1 Ng6 23.Qe4 Ne7
24.g3 a5 25.a4 Nd5 26.Bxd5 Rxd5 27.Rf1 Qb6+ 28.Kc1 Ka7 29.Rf3
Qg1+ 30.Kb2 Rd2 31.h4 Qg2 32.Kb3 Ka6 33.Qc4+ Kb6 34.Rf7 g5 35.hxg5
hxg5 36.Ka3 Qd5 37.Qxd5 cxd5 38.Rf5 g4 39.Rf4 Rxc2 1/2-1/2

[Event "Landslidsflokkur"]
[Site "Reykjavik"]
[Date "2005.08.17"]
[Round "7"]
[White "Asmundsson Ingvar"]
[Black "Bjarnason Saevar"]
[Result "1/2-1/2"]
[WhiteElo "2299"]
[BlackElo "2255"]
[Annotator ""]
[Source ""]
[Remark ""]

1.f4 d5 2.Nf3 Nf6 3.e3 g6 4.b3 Bg7 5.Bb2 O-O 6.Be2 c5 7.Qc1 Nc6
8.Ne5 Qc7 9.O-O Nd7 10.Nxc6 Qxc6 11.Bxg7 Kxg7 12.Nc3 Nf6 13.Qb2
Kg8 14.Bf3 Be6 15.d3 Qd7 16.Ne2 Rfd8 17.c3 Rac8 18.Rad1 Qc7 19.h3
b5 20.e4 dxe4 21.dxe4 Rd7 22.Rxd7 Qxd7 23.Qc1 Rd8 24.Ng3 Qd2
25.Qxd2 Rxd2 26.Rf2 Rd3 27.Rc2 c4 28.b4 Bxh3 29.e5 Nd7 30.Kf2
Bf5 31.Nxf5 gxf5 32.Be2 Rd5 33.Bf3 Rd3 34.Be2 Rd5 35.Bf3 1/2-1/2

[Event "Landslidsflokkur"]
[Site "Reykjavik"]
[Date "2005.08.17"]
[Round "7"]
[White "Thorsteinsson Thorsteinn"]
[Black "Kristjansson Stefan"]
[Result "1/2-1/2"]
[WhiteElo "2277"]
[BlackElo "2459"]
[Annotator ""]
[Source ""]
[Remark ""]

1.d4 Nf6 2.c4 g6 3.Nc3 d5 4.Nf3 Bg7 5.Bg5 Ne4 6.cxd5 Nxg5 7.Nxg5
e6 8.Qd2 exd5 9.Qe3+ Kf8 10.Qf4 Bf6 11.h4 h6 12.Nxd5 Bxg5 13.Qe5
Rh7 14.hxg5 Nc6 15.Qe4 Bf5 16.Qf3 Qxg5 17.Qa3+ Kg7 18.Ne3 Nxd4
19.Qc3 Qf6 20.O-O-O c5 21.Nxf5+ Nxf5 22.Qxf6+ Kxf6 23.g4 Nd4
24.e3 Ne6 25.Rd7 b6 26.f4 g5 27.Bc4 gxf4 28.Rh5 fxe3 29.Rf5+
Kg6 30.Bd3 Rhh8 31.Re5+ Kf6 32.Rf5+ Kg6 33.Re5+ Kf6 1/2-1/2

[Event "Landslidsflokkur"]
[Site "Reykjavik"]
[Date "2005.08.18"]
[Round "8"]
[White "Steindorsson Sigurdur Pall"]
[Black "Thorfinnsson Bjorn"]
[Result "0-1"]
[WhiteElo "2241"]
[BlackElo "2338"]
[Annotator ""]
[Source ""]
[Remark ""]

1.c4 Na6 2.d4 c6 3.e4 g6 4.Nc3 Bg7 5.f4 Nc7 6.d5 d6 7.Nf3 e6
8.dxc6 bxc6 9.e5 d5 10.Be3 Ne7 11.Qa4 O-O 12.Bc5 f6 13.Bxe7 Qxe7
14.Qxc6 fxe5 15.fxe5 Rxf3 16.gxf3 Bxe5 17.cxd5 Qh4+ 18.Kd2 Rb8
19.b3 Qd4+ 20.Kc2 Nxd5 21.Nxd5 exd5 22.Rd1 Qb2+ 23.Kd3 Bf5+ 24.Ke3
d4+ 0-1

[Event "Landslidsflokkur"]
[Site "Reykjavik"]
[Date "2005.08.18"]
[Round "8"]
[White "Bjarnason Saevar"]
[Black "Bergsson Snorri G."]
[Result "0-1"]
[WhiteElo "2255"]
[BlackElo "2259"]
[Annotator ""]
[Source ""]
[Remark ""]

1.Nf3 d5 2.c4 e6 3.g3 Nf6 4.Bg2 dxc4 5.Qa4+ c6 6.Qxc4 b5 7.Qc2
Bb7 8.a4 a6 9.O-O Be7 10.d3 O-O 11.b3 Nbd7 12.Bb2 Qb6 13.Nbd2
Rac8 14.Rac1 Rfd8 15.Qb1 Nd5 16.Rfd1 Bf6 17.d4 Be7 18.Ne4 h6
19.Qa1 N5f6 20.Nc5 Nxc5 21.dxc5 Rxd1+ 22.Rxd1 Qxc5 23.Ne5 Qc2
24.Nd7 Ne8 25.Rd3 bxa4 26.bxa4 a5 27.Bf3 Ba6 28.Rc3 Qd2 29.Ne5
c5 30.Rc1 Bf6 31.Bc3 Bxe5 32.Bxd2 Bxa1 33.Rxa1 Nd6 34.Bxa5 e5
35.Rd1 Nc4 36.Bc3 Kf8 37.e3 Ke7 38.Rc1 Nb6 39.a5 Nd7 40.Bg4 f6
41.Bf5 Rc7 42.f4 exf4 43.exf4 Nb8 44.Re1+ Kf8 45.Bg6 Re7 46.Rb1
Rb7 47.Rc1 Rc7 48.Kf2 Re7 49.Bh5 Bd3 50.Bb2 Rc7 51.Ba3 Nd7 52.Rc3
Be4 53.Be2 Ke7 54.a6 Kd6 55.Ke3 f5 56.g4 Nf6 57.Rc1 Nd5+ 58.Kd2
Nxf4 59.Bb5 Nd5 60.gxf5 Bxf5 61.Re1 Nb4 62.Bb2 Nc6 63.Re8 Nd4
64.Bc4 Bd7 65.Rb8 Bc6 66.Rb6 Ra7 67.Bc3 Kd7 68.Rb1 Be4 69.Ra1
Kc6 70.Ba5 Bd5 71.Bxd5+ Kxd5 72.Bb6 Ra8 73.Kd3 Kc6 74.Rb1 Rxa6
75.Bd8 Ne6 76.Be7 Ra3+ 77.Ke4 Ra7 78.Bh4 Ra4+ 79.Ke5 Rxh4 0-1

[Event "Landslidsflokkur"]
[Site "Reykjavik"]
[Date "2005.08.18"]
[Round "8"]
[White "Kristjansson Stefan"]
[Black "Stefansson Hannes"]
[Result "0-1"]
[WhiteElo "2459"]
[BlackElo "2579"]
[Annotator ""]
[Source ""]
[Remark ""]

1.e4 e5 2.Nf3 Nc6 3.d4 exd4 4.Nxd4 Bc5 5.Be3 Qf6 6.Nb5 Bxe3 7.fxe3
Qh4+ 8.g3 Qd8 9.Qg4 Kf8 10.Qf4 d6 11.N1c3 Ne5 12.h3 Bd7 13.Nd4
Ng6 14.Qf2 Qf6 15.Qg2 Qg5 16.O-O-O Ne5 17.Nd5 c6 18.Nf4 h5 19.Be2
h4 20.Nf3 Nxf3 21.Qxf3 Nf6 22.gxh4 Qe5 23.Rhg1 Re8 24.Bd3 Rxh4
25.Rxg7 Kxg7 26.Qg3+ Bg4 27.Rg1 Reh8 28.Be2 Rxh3 0-1

[Event "Landslidsflokkur"]
[Site "Reykjavik"]
[Date "2005.08.18"]
[Round "8"]
[White "Gunnarsson Jon Viktor"]
[Black "Asmundsson Ingvar"]
[Result "1-0"]
[WhiteElo "2388"]
[BlackElo "2299"]
[Annotator ""]
[Source ""]
[Remark ""]

1.e4 c5 2.Nf3 e6 3.d4 cxd4 4.Nxd4 Nc6 5.Nc3 Qc7 6.g3 Nf6 7.Ndb5
Qb8 8.Bf4 Ne5 9.Bxe5 Qxe5 10.f4 Qc5 11.e5 a6 12.Nd6+ Bxd6 13.Qxd6
Qxd6 14.exd6 b5 15.Bg2 Rb8 16.O-O-O Bb7 17.Bxb7 Rxb7 18.Rhe1
O-O 19.Ne4 Nd5 20.Nc5 Ra7 21.Rxd5 exd5 22.Kd2 f5 23.Kd3 Rf6 24.Re8+
Rf8 25.Re5 Rf6 26.Rxd5 Kf8 27.Kd4 a5 28.a4 bxa4 29.c4 a3 30.bxa3
a4 31.Nd3 Rh6 32.c5 Ke8 33.Re5+ Kd8 34.Rxf5 Ke8 35.Re5+ Kd8 36.Re7 1-0

[Event "Landslidsflokkur"]
[Site "Reykjavik"]
[Date "2005.08.18"]
[Round "8"]
[White "Sigfusson Sigurdur Dadi"]
[Black "Asgeirsson Heimir"]
[Result "1/2-1/2"]
[WhiteElo "2344"]
[BlackElo "2118"]
[Annotator ""]
[Source ""]
[Remark ""]

1.e4 c5 2.Nf3 Nc6 3.d4 cxd4 4.Nxd4 Nf6 5.Nc3 e5 6.Ndb5 d6 7.Bg5
a6 8.Na3 b5 9.Bxf6 gxf6 10.Nd5 f5 11.Bxb5 axb5 12.Nxb5 Ra4 13.b4
Qh4 14.O-O Rg8 15.f4 Kd8 16.Nb6 Rxb4 17.Nxc8 Kxc8 18.Qd5 Nd4
19.Qa8+ Kd7 20.Qb7+ Kd8 21.Qb8+ Kd7 22.Qb7+ Kd8 23.Qc7+ Ke8 24.Qc8+
Ke7 25.Nc3 f6 26.Nd5+ Kf7 27.Qd7+ Kg6 28.Nxb4 Ne2+ 1/2-1/2

[Event "Landslidsflokkur"]
[Site "Reykjavik"]
[Date "2005.08.19"]
[Round "9"]
[White "Thorfinnsson Bjorn"]
[Black "Bjarnason Saevar"]
[Result "1-0"]
[WhiteElo "2338"]
[BlackElo "2255"]
[PlyCount "79"]
[EventDate "2005.??.??"]

1. d4 Nf6 2. Bg5 d5 3. Bxf6 gxf6 4. g3 c6 5. Nd2 Bf5 6. e3 e6 7. Ngf3 Bd6 8.
Nh4 Bg6 9. f4 f5 10. Be2 Nd7 11. Bf3 Nf6 12. Qe2 Qe7 13. O-O-O O-O-O 14. c4 Kb8
15. c5 Bc7 16. b4 Ne4 17. Bxe4 fxe4 18. Rhf1 f5 19. Nxg6 hxg6 20. h4 Ka8 21.
Kc2 Rb8 22. a4 b6 23. Rb1 Rb7 24. Qa6 Qd7 25. Nb3 Rhb8 26. Kc3 Bd8 27. b5 Be7
28. bxc6 Qxc6 29. Na5 Qxa4 30. Ra1 Qd7 31. Nxb7 Rxb7 32. Rfb1 bxc5 33. Rxb7
cxd4+ 34. exd4 Qxb7 35. Qa4 Qc7+ 36. Kd2 Bd8 37. Ra3 Qb6 38. Kc2 a5 39. Rc3 Ka7
40. Qd7+ 1-0

[Event "Landslidsflokkur"]
[Site "Reykjavik"]
[Date "2005.08.19"]
[Round "9"]
[White "Asgeirsson Heimir"]
[Black "Thorsteinsson Thorsteinn"]
[Result "1/2-1/2"]
[WhiteElo "2118"]
[BlackElo "2277"]
[PlyCount "28"]
[EventDate "2005.??.??"]

1. d4 Nf6 2. c4 e6 3. Nc3 Bb4 4. f3 d5 5. a3 Be7 6. e4 dxe4 7. fxe4 c5 8. d5
exd5 9. exd5 O-O 10. Nf3 Re8 11. Be2 a6 12. Qc2 Bd6 13. Bg5 h6 14. Bh4 Bf4
1/2-1/2

[Event "Landslidsflokkur"]
[Site "Reykjavik"]
[Date "2005.08.19"]
[Round "9"]
[White "Stefansson Hannes"]
[Black "Steindorsson Sigurdur Pall"]
[Result "1-0"]
[WhiteElo "2579"]
[BlackElo "2241"]
[PlyCount "83"]
[EventDate "2005.??.??"]

1. d4 Nf6 2. c4 e6 3. g3 Bb4+ 4. Bd2 Bxd2+ 5. Nxd2 d5 6. Bg2 O-O 7. Ngf3 b6 8.
O-O Bb7 9. cxd5 exd5 10. Ne5 Qd6 11. Rc1 c5 12. Qa4 Na6 13. Nd3 Rfd8 14. Qa3
Rac8 15. dxc5 Nxc5 16. Nxc5 bxc5 17. Rfd1 Qa6 18. Qxa6 Bxa6 19. e3 Bb5 20. Nb1
Ne4 21. Nc3 Nxc3 22. Rxc3 d4 23. exd4 cxd4 24. Rxd4 Kf8 25. Bf1 a6 26. Bxb5
axb5 27. Rxd8+ Rxd8 28. a3 Rd2 29. Rb3 Rd5 30. Kf1 Ke7 31. Ke2 Rh5 32. h4 Kd6
33. Rd3+ Kc5 34. Rc3+ Kd4 35. Rf3 Re5+ 36. Kd2 f6 37. Rd3+ Kc5 38. Rd7 Kc4 39.
Rxg7 h5 40. b4 Kb3 41. Ra7 f5 42. Kd3 1-0

[Event "Landslidsflokkur"]
[Site "Reykjavik"]
[Date "2005.08.19"]
[Round "9"]
[White "Johannesson Ingvar Thor"]
[Black "Kristjansson Stefan"]
[Result "0-1"]
[WhiteElo "2291"]
[BlackElo "2459"]
[PlyCount "78"]
[EventDate "2005.??.??"]

1. c4 d6 2. Nc3 Nf6 3. d4 e5 4. d5 Be7 5. e4 O-O 6. Nge2 c6 7. g3 cxd5 8. cxd5
b5 9. a3 a5 10. Bg2 Bd7 11. O-O Na6 12. h3 b4 13. Na4 Bxa4 14. Qxa4 Nc5 15. Qc2
b3 16. Qb1 Nfd7 17. Nc3 Bg5 18. Rd1 g6 19. Bxg5 Qxg5 20. Qc1 Qe7 21. Qe3 f5 22.
exf5 gxf5 23. f4 Rae8 24. Re1 Qd8 25. Qd2 exf4 26. Rxe8 Rxe8 27. Qxf4 Qf6 28.
Rd1 Ne5 29. Bf1 Ng6 30. Qd4 Qg5 31. Kh2 Re3 32. Ne2 Ne4 33. Rd3 Nxg3 34. Bg2
Rxd3 35. Qxd3 Nxe2 36. Qxe2 Kg7 37. Qe1 a4 38. Bf1 Qf4+ 39. Kh1 Qd4 0-1

[Event "Landslidsflokkur"]
[Site "Reykjavik"]
[Date "2005.08.19"]
[Round "9"]
[White "Bergsson Snorri G."]
[Black "Gunnarsson Jon Viktor"]
[Result "0-1"]
[WhiteElo "2259"]
[BlackElo "2388"]
[PlyCount "56"]
[EventDate "2005.??.??"]

1. e4 c5 2. Nf3 d6 3. d4 cxd4 4. Nxd4 Nf6 5. Nc3 a6 6. Be3 e6 7. g4 h6 8. f4
Nc6 9. h3 Qc7 10. Bg2 Bd7 11. O-O Be7 12. Qe2 Nxd4 13. Bxd4 e5 14. Be3 exf4 15.
Rxf4 Be6 16. Bd4 O-O 17. Qf2 Rac8 18. Kh1 Nd7 19. Rf1 Ne5 20. Qg3 Qc4 21. Nd5
Bg5 22. Bc3 Bxd5 23. exd5 Bxf4 24. Rxf4 Qxa2 25. Be4 Rc4 26. g5 Rxe4 27. Rxe4
Qxd5 28. Qg2 hxg5 0-1

[Event "Landslidsflokkur"]
[Site "Reykjavik"]
[Date "2005.08.19"]
[Round "9"]
[White "Asmundsson Ingvar"]
[Black "Sigfusson Sigurdur Dadi"]
[Result "0-1"]
[WhiteElo "2299"]
[BlackElo "2344"]
[PlyCount "96"]
[EventDate "2005.??.??"]

1. f4 c5 2. b3 d5 3. e3 Nc6 4. Nf3 Nf6 5. Bb2 e6 6. Bb5 Bd6 7. Bxc6+ bxc6 8.
O-O Qc7 9. d3 Ng4 10. Qe2 O-O 11. Nbd2 f6 12. Rae1 Bd7 13. Nh4 f5 14. Nhf3 Be8
15. h3 Nf6 16. Ne5 Nd7 17. Nxd7 Qxd7 18. Qf2 Bh5 19. Qh4 Qf7 20. Nf3 Bxf3 21.
Rxf3 Rae8 22. Qf2 Qc7 23. Qd2 e5 24. fxe5 Bxe5 25. Ba3 Bd6 26. Ref1 Qe7 27. Qf2
Qe5 28. g3 Rf6 29. Kg2 Ref8 30. c4 dxc4 31. bxc4 Rb8 32. Rc1 Rg6 33. Rc2 Bc7
34. Bb2 Qd6 35. Rd2 h5 36. h4 Ba5 37. Rd1 Bc7 38. Bc3 Rg4 39. Be1 Qf6 40. Kh3
Rb2 41. Rd2 Rb1 42. Re2 Qg6 43. Rb2 Rxh4+ 44. Kg2 Qg4 45. Rxf5 Qh3+ 46. Kf3
Qxf5+ 47. Kg2 Qh3+ 48. Kf3 Qh1+ 0-1